| 000 | 00331nam a22001217a 4500 | ||
|---|---|---|---|
| 020 | _a978818404500 | ||
| 082 |
_222 _a005.4476 |
||
| 100 | _aHassell, Jonathan. | ||
| 245 |
_aWindows server 2008 : _bthe definitive guide / |
||
| 260 |
_aNew Delhi, _bShorff Publication, _cc2008. |
||
| 300 |
_axv,474p. ; _bill. ; _c23 cm. |
||
| 942 |
_2ddc _cIT |
||
| 999 |
_c1118 _d1118 |
||